000 00650nam a2200217 a 4500
005 20140310183253.0
008 041020s19uu xx 00 eng d
020 _a0415267552
050 _aRT 120.I5
_b .H54 2004
245 _aHigh dependency nursing care observation, intervention, and support /
_cedited by Tina Moore.
260 _aLane, London :
_bRoutledge,
_c2004.
300 _a462 p. :
_bill. ;
_c25 cm.
521 _aNUR
650 _aIntensive care nursing.
650 _aHolistic medicine.
650 _aCritical care
_xNursing texts.
650 _aNursing process.
942 _cBK
_2lcc
_kFOR
999 _c20815
_d20815